|
|
|
|
| LEADER |
00000nab a2200000 a 4500 |
| 001 |
vtls008627738 |
| 003 |
SK-MaSNL |
| 005 |
20260318121904.0 |
| 008 |
060303c2005 xo wr p 000 c0ukr |
| 015 |
|
|
|a SNBRB2006/03
|
| 038 |
|
|
|a SVKPOCL
|
| 040 |
|
|
|a SVKPOCL
|b slo
|c AACR2
|e AACR2
|
| 041 |
0 |
|
|a ukr
|
| 044 |
|
|
|a xo
|c SK
|
| 080 |
|
|
|a 726.54:691.11:061.4
|2 1997
|
| 080 |
|
|
|a 691.11
|2 1997
|
| 080 |
|
|
|a 061.4
|2 1997
|
| 100 |
1 |
|
|a Iľuk, Miroslav,
|d 1942-
|4 aut
|9 6395
|
| 245 |
1 |
0 |
|a Vystavka derev`janych cerkov
|c [avtor] -mi-
|
| 300 |
|
|
|b Fotogr.
|
| 500 |
|
|
|a Autor výstavy sa narodil v Kalinove, žije v Toronte v Kanade
|
| 600 |
1 |
7 |
|a Lopata, Pavlo
|d 1945-
|x výstavy
|2 svkpocl
|9 1588131
|
| 610 |
2 |
7 |
|a Múzeum ukrajinsko-rusínskej kultúry (Svidník, Slovensko)
|2 svkpocl
|9 58241
|
| 611 |
2 |
7 |
|a Svätyne
|g výstava
|d (2005 :
|c Svidník, Slovensko)
|2 svkpocl
|9 1588132
|
| 650 |
0 |
7 |
|a drevené kostoly
|z Slovensko východné
|2 svkpocl
|9 1588133
|
| 650 |
0 |
7 |
|a výstavy
|2 svkpocl
|9 2780
|
| 651 |
|
7 |
|a Svidník (Slovensko)
|2 svkpocl
|9 28309
|
| 651 |
|
7 |
|a Kalinov (Slovensko)
|2 svkpocl
|9 40748
|
| 651 |
|
7 |
|a Medzilaborce (Slovensko : okres)
|2 svkpocl
|9 29394
|
| 651 |
|
7 |
|a Toronto (Ont.)
|2 svkpocl
|9 71871
|
| 773 |
0 |
|
|t Nove žyttja
|g Roč. 55, č. 43-44 (2005), s. 2
|
| 852 |
|
|
|a SVKPO
|b KIS3GCP
|
| 958 |
|
|
|a UK
|
| 958 |
|
|
|a SK
|
| 958 |
|
|
|a CA
|
| 999 |
|
|
|c 3255037
|d 3256967
|